|
|
|
|
| LEADER |
00000nab a2200000 a 4500 |
| 001 |
vtls000650578 |
| 003 |
SK-MaSNL |
| 005 |
20260304083831.0 |
| 008 |
250425c1997 xo 0 slo |
| 015 |
|
|
|a SNBRA1998/01-00821
|
| 035 |
|
|
|a CLN000002772
|
| 035 |
|
|
|a urn:nbn:sk:snk-abhja
|
| 035 |
|
|
|a (urnnbn)urn:nbn:sk:snk:ar-a03s2o
|
| 035 |
|
|
|a (uuid)8b197a27-992d-47a7-98a7-1dfc25c1de6c
|
| 040 |
|
|
|a SNKBUCL
|b slo
|c SNKBUCL
|e AACR2
|
| 041 |
0 |
|
|a eng
|
| 044 |
|
|
|a xo
|c SK
|
| 080 |
|
|
|a 621.31:620.9
|2 1997
|
| 080 |
|
|
|a 620.9
|2 1997
|
| 100 |
1 |
|
|a Marko, Štefan,
|d 1930-2007
|4 aut
|9 212324
|
| 245 |
1 |
0 |
|a Performance assessment of an unconventional generation system operating in parallel with a large scale network
|c Štefan Marko, Ivan Daruľa, Roman Miklošovič
|
| 300 |
|
|
|b Obr.
|
| 504 |
|
|
|a Res. angl. Bibliogr. odkazy Biogr. údaje
|
| 650 |
0 |
7 |
|a energia elektrická
|x výroba
|x systémy nekonvenčné
|x výkon
|2 snkbucl
|9 1375259
|
| 650 |
0 |
7 |
|a zdroje energetické obnoviteľné
|2 snkbucl
|9 841363
|
| 655 |
|
7 |
|a články z novín a časopisov
|2 snkbucl
|2 snkbucl
|9 267496
|
| 700 |
1 |
|
|a Daruľa, Ivan,
|d 1944-
|4 aut
|9 118250
|
| 700 |
1 |
|
|a Miklošovič, Roman
|d 1969-
|4 aut
|9 1375260
|
| 773 |
0 |
|
|t Journal of electrical engineering
|g Roč. 48, č. 9-10 (1997), s. 274-280
|x 0013-578X
|
| 850 |
|
|
|a Slovenská národná knižnica
|
| 852 |
|
|
|a Slovenská národná knižnica
|
| 958 |
|
|
|a article27
|
| 958 |
|
|
|a NB
|
| 958 |
|
|
|a OND
|
| 958 |
|
|
|a EUIPO
|
| 999 |
|
|
|c 2801434
|d 2803364
|